Pokédex en images : Rouge et Bleu - Statistiques

Statistiques générales
  • Ce quiz a été pris 53 fois
  • Le résultat moyen est 134 sur 151
Statistiques - réponses
Par images Réponse % Correct
Abo
100%
Bulbizarre
100%
Carabaffe
100%
Carapuce
100%
Chenipan
100%
Dracaufeu
100%
Feunard
100%
Florizarre
100%
Mélofée
100%
Nidoking
100%
Nidoqueen
100%
Nidorina
100%
Pikachu
100%
Raichu
100%
Rattata
100%
Rattatac
100%
Reptincel
100%
Rondoudou
100%
Roucarnage
100%
Salamèche
100%
Tortank
100%
Abra
97%
Alakazam
97%
Caninos
97%
Doduo
97%
Goupix
97%
Krabby
97%
Magnéti
97%
Nidoran♀
97%
Nidoran♂
97%
Nidorino
97%
Onix
97%
Ossatueur
97%
Osselait
97%
Papilusion
97%
Ponyta
97%
Roucool
97%
Sabelette
97%
Sablaireau
97%
Smogo
97%
Smogogo
97%
Taupiqueur
97%
Arbok
93%
Arcanin
93%
Aspicot
93%
Boustiflor
93%
Canarticho
93%
Chrysacier
93%
Ectoplasma
93%
Fantominus
93%
Férosinge
93%
Galopa
93%
Grodoudou
93%
Grolem
93%
Grotadmorv
93%
Herbizarre
93%
Machoc
93%
Machopeur
93%
Magnéton
93%
Miaouss
93%
Mystherbe
93%
Noeunoeuf
93%
Nosferapti
93%
Ptitard
93%
Racaillou
93%
Roucoups
93%
Tadmorv
93%
Tentacruel
93%
Tygnon
93%
Gravalanch
90%
Hypnomade
90%
Kadabra
90%
Kicklee
90%
Mélodelfe
90%
Persian
90%
Poissirène
90%
Psykokwak
90%
Ramoloss
90%
Rhinoféros
90%
Spectrum
90%
Tentacool
90%
Voltorbe
90%
Akwakwak
87%
Aquali
87%
Dodrio
87%
Draco
87%
Dracolosse
87%
Évoli
87%
Excelangue
87%
Krabboss
87%
Lippoutou
87%
Mackogneur
87%
Magicarpe
87%
Métamorph
87%
Mew
87%
M.Mime
87%
Nosferalto
87%
Paras
87%
Parasect
87%
Piafabec
87%
Ptéra
87%
Rafflesia
87%
Ronflex
87%
Soporifik
87%
Stari
87%
Voltali
87%
Artikodin
83%
Chétiflor
83%
Colossinge
83%
Dardargnan
83%
Électrode
83%
Empiflor
83%
Insécateur
83%
Kangourex
83%
Leveinard
83%
Léviator
83%
Magmar
83%
Porygon
83%
Pyroli
83%
Rhinocorne
83%
Staross
83%
Tauros
83%
Coconfort
80%
Crustabri
80%
Kokiyas
80%
Lamantine
80%
Mewtwo
80%
Minidraco
80%
Noadkoko
80%
Otaria
80%
Rapasdepic
80%
Sulfura
80%
Tartard
80%
Flagadoss
77%
Mimitoss
77%
Têtarte
77%
Triopikeur
77%
Amonita
73%
Lokhlass
73%
Poissoroy
73%
Amonistar
70%
Électhor
70%
Hypocéan
70%
Hypotrempe
70%
Kabuto
70%
Ortide
70%
Saquedeneu
70%
Scarabrute
70%
Élektek
67%
Aéromite
63%
Kabutops
63%
Aucun quiz correspondant
Distribution des résultats
% des personnes avec chaque résultat
Percentile par nombre de réponses
Votre historique - résultats
Vous n’avez pas pris ce quiz